000 00306nam a22001217a 4500
008 180505b xxu||||| |||| 00| 0 eng d
041 _aeng
080 _a043.3
100 _a0
101 _aSHKI-BA
245 _aPermiresimi i Proceseve Softuerike ne Entitete shume te vogla
_cIsmajli, T
942 _2udc
_cBK
999 _c45690
_d45690